UBT Library

World class learners : (Record no. 40802)

000 -LEADER
fixed length control field 00723cam a2200229 a 4500
001 - CONTROL NUMBER
control field 17362119
005 - DATE AND TIME OF LATEST TRANSACTION
control field 20180123092153.0
008 - FIXED-LENGTH DATA ELEMENTS--GENERAL INFORMATION
fixed length control field 120626s2012 caua b 001 0 eng
010 ## - LIBRARY OF CONGRESS CONTROL NUMBER
LC control number 2012021035
020 ## - INTERNATIONAL STANDARD BOOK NUMBER
International Standard Book Number 9781452203980 (pbk. : alk. paper)
040 ## - CATALOGING SOURCE
Original cataloging agency DLC
Transcribing agency DLC
Modifying agency DLC
041 ## - LANGUAGE CODE
Language code of text/sound track or separate title eng
080 ## - UNIVERSAL DECIMAL CLASSIFICATION NUMBER
Universal Decimal Classification number 370.11 you
082 00 - DEWEY DECIMAL CLASSIFICATION NUMBER
Classification number 370.11 you
Edition number 23
100 1# - Rafti
Rafti 48
101 ## - Shkurtesa
Shkurtesa edu
245 10 - TITLE STATEMENT
Title World class learners :
Statement of responsibility, etc Yong Zhao.
504 ## - BIBLIOGRAPHY, ETC. NOTE
Bibliography, etc Includes bibliographical references and index.
906 ## - LOCAL DATA ELEMENT F, LDF (RLIN)
a 7
b cbc
c orignew
d 1
e ecip
f 20
g y-gencatlg
942 ## - ADDED ENTRY ELEMENTS (KOHA)
Source of classification or shelving scheme
Item type Books
Holdings
Withdrawn status Lost status Source of classification or shelving scheme Damaged status Not for loan Collection code Permanent location Current location Shelving location Date acquired Total Checkouts Full call number Barcode Date last seen Price effective from Koha item type
          Koleksioni i përgjithshem UBT - Lipjan UBT - Lipjan Koleksioni i përgjithshem 01/23/2018   370.11 you 002-2996207 01/23/2018 01/23/2018 Books
UBT Library © 2015-2024. All rights reserved University Education for Business and Technology